[Event "SVK-ch U08"]
[Site "Liptovsky Mikulas"]
[Date "2019.04.24"]
[Round "2"]
[White "Kluska, David"]
[Black "Cirsky, Lubor"]
[Result "1-0"]
[WhiteElo "1000"]
[BlackElo "1000"]
[PlyCount "53"]
[EventDate "2019.04.23"]
[EventType "tourn"]
[EventRounds "9"]
[EventCountry "SVK"]
[SourceTitle "CBM 190 Extra"]
[Source "ChessBase"]
[SourceDate "2019.07.15"]
[SourceVersion "1"]
[SourceVersionDate "2019.07.15"]
[SourceQuality "1"]

1. Nf3 Nc6 2. Nc3 e5 3. d4 f6 4. dxe5 fxe5 5. e3 d6 6. Bd2 Bd7 7. e4 h6 8. Bb5 a6 9. Bxc6 Bxc6 10. 0-0 Qd7 11. Nh4 Ne7 12. Qh5+ Kd8 13. Ng6 Nxg6 14. Qxg6 Kc8 15. Qg3 Kb8 16. Be3 b6 17. Nd5 Bxd5 18. exd5 Qb5 19. Qh4 Qxb2 20. Qd8+ Kb7 21. Qd7 Qxc2 22. Rac1 Qxc1 23. Rxc1 Rc8 24. Qc6+ Kb8 25. Rb1 b5 26. Qxa6 Re8 27. Rxb5# 1-0